000 00395nam a2200157Ia 4500
008 230917s9999||||xx |||||||||||||| ||und||
040 _e196252
_aMAIN
041 _aEnglish
082 _a510.2462 K889A(9)
100 _aKreyszig, Erwin
245 0 _aAdvanced Engineering Mathematics
250 _a9th ed.
260 _aNew Delhi
_bWiley-India
_c2011
300 _axvii, 122 p.
942 _cBK
999 _c169043
_d169043